000
00291nam a2200109Ia 4500
008
230907s9999||||xx |||||||||||||| ||und||
082
_a
621.31/4
_b
POW
100
_a
Sharkh, S. M.
_9
115205
245
0
_a
Power electronic converters for microgrids /
300
_a
xiv, 293 pages :
942
_c
BK
999
_c
597842
_d
597842